00667nam a2200229 a 4500001001300000003000900013005001700022008004100039020001000080082001300090100002100103245003100124260003900155300000900194500003500203505001300238650004000251902000800291942000700299952011400306999001700420nice12345678IN_TiNIC20260116013229.0050524s1995 dela grp 000 0 eng  ac19500a291bPAN aPanikkar, Raimon aDwelling Place for Wisdom. aDelhi bMotilal Banarsidass c1995 a177p aincludes index and biblioraphy2 aGlossary aComparative Religion-Chris& Hinduis bSRS cBK 001040708StackRoom-aHMIbHMId2007-07-20g195.00l0o291 PANp018726r2007-07-20v195.00w2005-05-24yBK c10209d10209